José Luis Fajardo (Record no. 5739)

MARC details
000 - LÍDER
campo de control de longitud fija 00935nam a2200217Ia 4500
008 - ELEMENTOS DE DATOS DE LONGITUD FIJA - INFORMACIÓN GENERAL
campo de control de longitud fija 0000001987 a 0000000000spa00
090 ## - NÚMERO DE LLAMADA DE TIPO LC LOCALMENTE ASIGNADO (OCLC)
Número de clasificación (OCLC) (R) PSP00 F14j1
100 1# - ENTRADA PRINCIPAL - NOMBRE PERSONAL
Nombre de la persona Fajardo, José Luis
Fechas asociadas a un nombre 1941
245 10 - TÍTULO DECLARACIÓN
Título José Luis Fajardo
260 ## - PUBLICACIÓN, DISTRIBUCIÓN
Lugar de publicación < s.l. : s.n. >
Fecha de publicación 1987
300 ## - DESCRIPCIÓN FÍSICA
Alcance 63 p.
Dimensiones / 28 cm.
500 ## - NOTA GENERAL
Nota general Exposición realizada en el Museo de Arte Contemporáneo de Caracas, Septiembre, 1986. En el Museo de Arte Moderno de Bogotá, Noviembre, 1986. En Museo de Arte moderno La Tertulia, Cali, enero, 1987 \ Con el patronazgo del maestro venezolano Jesús Rafael Soto (q.e.p.d.)
501 ## - Con nota
Con nota José Luis Fajardo: la línea del horizonte / Juan Cruz Ruiz
600 00 - ENTRADA DE SUJETO AÑADIDO - NOMBRE PERSONAL
Nombre de la persona FAJARDO, JOSE LUIS, 1941/
Subdivisión general TRABAJOS PICTORICOS
650 14 - ENTRADA DE SUJETO AÑADIDO - TÉRMINO TÓPICO
Término tópico o elemento de entrada del nombre geográfico ARTE CONTEMPORANEO ESPAÑOL
650 14 - ENTRADA DE SUJETO AÑADIDO - TÉRMINO TÓPICO
Subdivisión general CATALOGOS
650 14 - ENTRADA DE SUJETO AÑADIDO - TÉRMINO TÓPICO
Término tópico o elemento de entrada del nombre geográfico DIBUJOS ESPAÑOLES
650 14 - ENTRADA DE SUJETO AÑADIDO - TÉRMINO TÓPICO
Subdivisión general EXPOSICIONES
650 14 - ENTRADA DE SUJETO AÑADIDO - TÉRMINO TÓPICO
Término tópico o elemento de entrada del nombre geográfico PINTORES ESPAÑOLES
650 14 - ENTRADA DE SUJETO AÑADIDO - TÉRMINO TÓPICO
Término tópico o elemento de entrada del nombre geográfico PINTURA ESPAÑOLA
Holdings
Estado de retirada Pérdida de estatus Estado dañado No para préstamo Código de recogida Ubicación permanente Ubicación actual Ubicación de las estanterías Fecha de adquisición Número de llamada completo Código de barras Fecha de la última vez que se vio Número de copia Precio efectivo desde Tipo de artículo Koha
        General ArtNexus ArtNexus General 06/09/2022 P-SP-00 F14J1 5743 06/09/2022 Ej.1 06/09/2022 Libro

Powered by Koha